Beskid Wyspowy - Statystyki

Ogólne statystyki
  • Ten quiz został rozwiązany 8 razy
  • Średni wynik to 11 z 103
Statystyki odpowiedzi
Hint Odpowiedź % Poprawnych
1072 Ćwilin
71%
1063 Jasień
57%
1012 Krzystonów
57%
1023 Luboń Wielki
57%
1029 Modyń
57%
1171 Mogielica
57%
1007 Śnieżnica
57%
976 Szczebel
57%
926 Cichoń
43%
921 Jaworz
43%
1052 Kutrzyca
43%
960 Łopień
43%
967 Lubogoszcz
43%
902 Lubomir
43%
905 Sałasz
43%
752 Golców
29%
911 Hala
29%
900 Kiczora
29%
1007 Kiczora Kamienicka
29%
925 Ostra
29%
1000 Polana Łąki
29%
1016 Wielki Wierch
29%
860 Jasieńczyk
14%
896 Jeżowa Woda
14%
643 Księża Góra
14%
953 Lubogoszcz Zachodni
14%
869 Luboń Mały
14%
891 Łysina
14%
883 Mała Góra
14%
968 Miznówka
14%
872 Myszyca
14%
640 Paproć
14%
893 Trzy Kopce
14%
612 Adamczykowa
0%
728 Babia Góra
0%
599 Bąkowiec
0%
616 Białowodzka Góra
0%
561 Borek
0%
644 Bydłoniowa Góra
0%
789 Chełm
0%
648 Chełm
0%
830 Ciecień
0%
564 Cubla Góra
0%
793 Cuprówka
0%
673 Czarny Dział
0%
616 Dalna Góra
0%
650 Dzielec
0%
626 Dzielec
0%
410 Góra Zyndrama
0%
618 Grodzisko
0%
743 Groń
0%
513 Grunwald
0%
679 Grzebień
0%
620 Jabłoniec
0%
561 Jastrząbka
0%
482 Jodłowiec Wielki
0%
827 Kamiennik
0%
580 Kamionka
0%
801 Kamionna
0%
725 Kiczora
0%
812 Klończyk
0%
611 Kobyła
0%
727 Korab
0%
730 Kostrza
0%
701 Kuklacz
0%
601 Łopusze Wschodnie
0%
657 Łopusze Zachodnie
0%
781 Łysa Góra
0%
802 Łyżka
0%
716 Miejska Góra
0%
805 Ogorzała
0%
803 Okowaniec
0%
625 Okrągła
0%
780 Ostra
0%
483 Ostra Góra
0%
764 Pasierbiecka Góra
0%
763 Patryja
0%
774 Pępówka
0%
623 Piechówka
0%
652 Piekło
0%
588 Polczakówka
0%
745 Potaczkowa
0%
762 Sarczyn
0%
624 Skalica
0%
749 Skiełek
0%
618 Śliwnik
0%
729 Spleźnia
0%
665 Stronia
0%
653 Strzałba
0%
734 Świerczek
0%
611 Świnna Góra
0%
586 Szklarnia
0%
681 Uklejna
0%
673 Urbania Góra
0%
752 Wielka Góra
0%
778 Wierzbanowska Góra
0%
720 Witów
0%
559 Worecznik
0%
624 Wsołowa
0%
820 Zbludzkie Wierchy
0%
858 Zębolowa
0%
695 Zęzów
0%
536 Złote Wierchy
0%
Nie znaleziono quizów pasujących do podanych kryteriów
Rozkład punktacji
Procent ludzi z każdym wynikiem
Percentyl według liczby udzielonych odpowiedzi
Twoja historia wyników
Nie rozwiązałeś tego quizu